Loading...
| MB | 0 | 12 | 3 | 4 | 105 | 71 | 109.83 | 6 | 12 | 0.00 | 0.00 |
| TR | 2 | 2 | 1 | 1 | 45 | 55 | 85.25 | 1 | 4 | 0.00 | 0.00 |
| BB | 0 | 2 | 0 | 0 | 20 | 122 | 126.00 | 1 | 2 | 0.00 | 0.00 |
| RR | 0 | 2 | 1 | 0 | 15 | 114 | 117.00 | 1 | 2 | 0.00 | 0.00 |
| AR | 1 | 0 | 0 | 0 | 15 | 48 | 48.00 | 1 | 1 | 0.00 | 0.00 |
| AG | 0 | 2 | 2 | 0 | 10 | 66 | 79.50 | 2 | 2 | 0.00 | 0.00 |
| AW | 0 | 1 | 0 | 0 | 10 | 98 | 98.00 | 1 | 1 | 0.00 | 0.00 |
| KD | 0 | 1 | 1 | 0 | 5 | 142 | 142.00 | 0 | 1 | 0.00 | 0.00 |
| AK | 0 | 1 | 1 | 0 | 5 | 95 | 95.00 | 0 | 1 | 0.00 | 0.00 |
| RC | 0 | 1 | 2 | 0 | 0 | 115 | 115.00 | 0 | 1 | 0.00 | 0.00 |
| DM | 0 | 0 | 1 | 0 | -5 | 0.00 | 0 | 0 | 0.00 | 0.00 |
| RR | databases | -5 | 24 |
| TR | 1810s | -5 | 45 |
| AR | Blithe Spirit | 15 | 48 |
| TR | Sikh Empire | 15 | 55 |
| AG | garden asparagus | 10 | 66 |
| RC | Rokeby Venus | -5 | 68 |
| MB | The Lusiads | -5 | 70 |
| TR | New Zealand | 15 | 71 |
| MB | Avicenna | 10 | 71 |
| MB | The War with the Newts | 10 | 74 |